| 000 | 00882nam a22002417a 4500 | ||
|---|---|---|---|
| 001 | 2661 | ||
| 005 | 20240109092114.0 | ||
| 020 | _a9780545665162 | ||
| 040 |
_aFISKH _beng _cFISKH _dFISKH |
||
| 050 | _aGV943.L663 | ||
| 082 | _a796.334 | ||
| 100 | _aLombana, Juan Pablo | ||
| 245 |
_aSoccermania / _cFutbolmania ; Juan Pablo Lombana ; illustrated by Zamie Casazola |
||
| 250 | _aFirst printing, January 2014 | ||
| 260 |
_aNew York : _bScholastic, _c2014 |
||
| 300 |
_a57 pages ; _bcolor illustrations ; _c20cm |
||
| 505 | _aY | ||
| 520 | _aFull of interesting facts, cool statistics, amazing anecdotes, and fun illustrations, Soccermania/FutolmanÃa will feed your passion and tell you everything you need to know about the most popular sport in the world! | ||
| 521 |
_a910 _bLexile |
||
| 521 |
_aY _bRaz-Plus |
||
| 700 |
_aCasazola, Zamie _eillustrator |
||
| 942 |
_2ddc _cBK _n0 |
||
| 999 |
_c2661 _d2661 |
||